000 00634nam a22002057a 4500
999 _c442610
_d442610
003 UA-OsUOA
005 20191024120514.0
008 191024b un ||||| |||| 00| 0 ukr d
040 _aUA-OsUOA
_bukr
_cUA-OsUOA
_dUA-OsUOA
041 _aukr
080 _a821.161.1
090 _a821.161.1
_bО-77
100 _aОстровский А
245 _aПолное собрание сочинений
_cА. Н. Островский
260 _aМосква
_bХудожественная литература
_c1952
300 _a389 с.
505 _gТ.1
_tИзбранные переводы
942 _2udc
_cBK
955 _a3